00614nam a2200145 a 450000500170000000800410001705000200005810000200007824501170009826000630021530000220027865000380030099900190033895201110035720140412111239.0010521s19uu xx 00 eng d aM 612bS18 1974 aSpalding, R. W. aWhere did I come from? :bsex education for your child /cby R. W. Spalding, M. D.; illustrated by G.M. Eugenio. aManila, Philippines :bPhilippine Publishing House,c1974. a1v. (unp.) ; ill. aSex education-Juvenile literature c102624d102624 00104050aELbELcMd2001-05-21eDonationl0oM 612 S18 1974pE2255r2014-04-12 00:00:00w2014-04-12yBK